Vztahy Spolkové republiky Německo ke státům střední Evropy od roku 1990
Saved in:
| Main Authors | , , |
|---|---|
| Format | Book |
| Language | Czech Slovak |
| Published |
Praha :
Ústav mezinárodních vztahů : Karolinum,
1998
|
| Subjects | |
| ISBN | 8071846430 80-85864-44-4 |
| Physical Description | 284 s. ; 25 cm |
Cover
| LEADER | 00000cam a2200000 a 4500 | ||
|---|---|---|---|
| 001 | 19653 | ||
| 003 | CZ-ZlUTB | ||
| 005 | 20190825233901.0 | ||
| 007 | ta | ||
| 008 | 981118s1998 xr 000 0 cze | ||
| 015 | |a cnb000354446 | ||
| 020 | |a 8071846430 |q (Karolinum : |q brož.) | ||
| 020 | |a 80-85864-44-4 |q (Ústav mezinárodních vztahů : |q brož.) | ||
| 035 | |a (OCoLC)40091377 | ||
| 040 | |a ZLD002 |b cze |c ZLD002 |d ZLD002 | ||
| 041 | 0 | |a cze |a slo | |
| 043 | |a e-gx--- |a ec----- | ||
| 045 | |a x9x0 | ||
| 072 | 7 | |a 327 |x Mezinárodní vztahy, světová politika |2 Konspekt |9 15 | |
| 080 | |a 327 |2 MRF | ||
| 080 | |a (430) |2 MRF | ||
| 080 | |a (4-191.2) |2 MRF | ||
| 080 | |a (048.8) |2 MRF | ||
| 080 | |a (082) |2 MRF | ||
| 245 | 0 | 0 | |a Vztahy Spolkové republiky Německo ke státům střední Evropy od roku 1990 / |c [Vladimír Handl, Jan Hon, Otto Pick a kol.] |
| 260 | |a Praha : |b Ústav mezinárodních vztahů : |b Karolinum, |c 1998 | ||
| 300 | |a 284 s. ; |c 25 cm | ||
| 504 | |a Obsahuje bibliografické odkazy | ||
| 546 | |a Částečně slovenský text | ||
| 655 | 7 | |a studie |7 fd133597 |2 czenas | |
| 655 | 7 | |a sborníky |7 fd163935 |2 czenas | |
| 655 | 9 | |a studies |2 eczenas | |
| 655 | 9 | |a miscellanea |2 eczenas | |
| 648 | 7 | |a 1991-2000 |7 ch460587 |2 czenas | |
| 651 | 7 | |a Německo |7 ge135889 |x zahraniční vztahy |y 1991-2000 |2 czenas | |
| 651 | 7 | |a Evropa střední |7 ge137882 |x zahraniční vztahy |y 1991-2000 |2 czenas | |
| 651 | 9 | |a Germany |x foreign relations |y 1991-2000 |2 eczenas | |
| 651 | 9 | |a Europe, Central |x foreign relations |y 1991-2000 |2 eczenas | |
| 700 | 1 | |a Handl, Vladimír, |d 1957- |7 jn20001005688 |4 aut | |
| 700 | 1 | |a Hon, Jan |7 jk01041915 |4 aut | |
| 700 | 1 | |a Pick, Otto, |d 1925-2016 |7 jn20001005690 |4 aut | |
| 910 | |a ZLD002 | ||
| 952 | |0 0 |1 0 |4 0 |6 327VZTAHY |7 0 |8 BOOK |9 33714 |a UTBZL |b UTBZL |c 030 |d 2006-07-29 |i 68051 |l 0 |o 327/VZTAHY |p 420010068051 |r 2019-08-25 00:00:00 |v 180.00 |w 2019-08-25 |x N:převod z FaME, Nováčková,V. | 20100430 |y 05 | ||
| 992 | |a BK |b SK | ||
| 999 | |c 19653 |d 19653 | ||